|
|
|
|
| LEADER |
00000nab a2200000 a 4500 |
| 001 |
vtls000857495 |
| 003 |
SK-MaSNL |
| 005 |
20260304030527.0 |
| 008 |
160405c2002 xo 0 cze |
| 015 |
|
|
|a SNBRB2003/12-37507
|
| 035 |
|
|
|a CLN000209149
|
| 040 |
|
|
|a SNKBUCL
|b slo
|c SNKBUCL
|e AACR2
|
| 041 |
0 |
|
|a cze
|
| 044 |
|
|
|a xo
|c SK
|
| 080 |
|
|
|a 616.62-006:615.277
|2 1997
|
| 100 |
1 |
|
|a Matoušková, Michaela,
|d 1963-
|4 aut
|9 81850
|
| 245 |
1 |
0 |
|a Gemcitabin v léčbě agresivních a infiltrujících nádorů močového měchýře (predběžné výsledky)
|c Michaela Matoušková, Pavel Dušek
|
| 246 |
1 |
1 |
|a Gemcitabin in the treatment of aggressive and invasive bladder cancer
|
| 300 |
|
|
|b Obr., tab.
|
| 504 |
|
|
|a Res. angl., čes.
|
| 504 |
|
|
|a Bibliogr. odkazy
|
| 650 |
0 |
7 |
|a nádory močového mechúra
|2 MESH
|9 20101
|
| 650 |
0 |
7 |
|a adjuvantná chemoterapia
|2 MESH
|9 1299412
|
| 650 |
0 |
7 |
|a farmakoterapia
|2 MESH
|9 14158
|
| 650 |
0 |
7 |
|a gemcitabín
|2 MESH
|9 1202089
|
| 650 |
0 |
7 |
|a cisplatina
|2 MESH
|9 14396
|
| 650 |
0 |
7 |
|a kombinovaná farmakoterapia
|2 MESH
|9 28987
|
| 650 |
0 |
7 |
|a močový mechúr
|2 MESH
|9 70115
|
| 655 |
|
7 |
|a články z novín a časopisov
|2 snkbucl
|9 267496
|
| 700 |
1 |
|
|a Dušek, Pavel
|4 aut
|9 1308941
|
| 773 |
0 |
|
|x 1335-3071
|t Urológia
|g Roč. 8, č. 4 (2002), s. 16-18
|
| 850 |
|
|
|a Slovenská národná knižnica v Martine
|
| 852 |
|
|
|a SNK
|b KIS3GCP
|
| 958 |
|
|
|a MI
|
| 958 |
|
|
|a NB
|
| 958 |
|
|
|a RBX
|
| 999 |
|
|
|c 2634471
|d 2636401
|